[Event "IECC CL3-2008.11 email"]
[Site "IECC email"]
[Date "2008.11.23"]
[Round "?"]
[White "Kasznia, Ireneusz"]
[Black "Dickson, Jason G"]
[Result "1/2-1/2"]
[WhiteElo "1800"]
[BlackElo "1800"]
[PlyCount "34"]
[EventDate "2008.??.??"]
[EventType "tourn (corr)"]
[EventRounds "4"]
[SourceTitle "Corr 2013"]
[Source "ChessBase"]
[SourceDate "2012.11.12"]
[SourceVersion "1"]
[SourceVersionDate "2012.11.12"]
[SourceQuality "1"]
[WhiteTeam "Germany"]
[BlackTeam "Netherlands"]
[WhiteTeamCountry "GER"]
[BlackTeamCountry "NED"]

1. d4 Nf6 2. c4 e6 3. Nc3 Bb4 4. Qc2 0-0 5. Nf3 c5 6. dxc5 Na6 7. a3 Bxc3+ 8. Qxc3 Nxc5 9. Bg5 Nfe4 10. Qe3 f6 11. Bh4 a5 12. Rd1 Qb6 13. Nd2 Qxb2 14. Nxe4 Nxe4 15. Qxe4 Qc3+ 16. Rd2 Qc1+ 17. Rd1 Qc3+ 1/2-1/2

[Event "IECC CL3-2008.11 email"]
[Site "IECC email"]
[Date "2008.11.23"]
[Round "?"]
[White "Maggiora, Aldo"]
[Black "Dickson, Jason G"]
[Result "1-0"]
[WhiteElo "1634"]
[BlackElo "1782"]
[PlyCount "57"]
[EventDate "2008.??.??"]
[EventType "tourn (corr)"]
[EventRounds "4"]
[SourceTitle "Corr 2011"]
[Source "ChessBase"]
[SourceDate "2010.08.31"]
[SourceVersion "1"]
[SourceVersionDate "2010.08.31"]
[SourceQuality "1"]
[WhiteTeam "Italy"]
[BlackTeam "Canada"]
[WhiteTeamCountry "ITA"]
[BlackTeamCountry "CAN"]

1. e4 e5 2. Nf3 Nf6 3. d4 Nxe4 4. Bd3 d5 5. Nxe5 Nd7 6. Nxd7 Bxd7 7. 0-0 Bd6 8. f3 Qh4 9. g3 Bxg3 10. Qe2 Bh3 11. fxe4 Bxf1 12. Kxf1 Bxh2 13. exd5+ Kf8 14. Nc3 Re8 15. Ne4 f5 16. Bg5 Qh3+ 17. Qg2 Qxg2+ 18. Kxg2 fxe4 19. Rf1+ Kg8 20. d6 exd3 21. d7 Re2+ 22. Kh1 h6 23. d8Q+ Kh7 24. Qd7 hxg5 25. Qf5+ Kg8 26. Qf7+ Kh7 27. Qf5+ Kg8 28. Qf8+ Kh7 29. Qf5+ 1-0